Australia - Japan economic relations research project Research paper

Αποθηκεύτηκε σε:
Λεπτομέρειες βιβλιογραφικής εγγραφής
Μορφή: Βιβλίο
Γλώσσα:Undetermined
Έκδοση: Canberra Australian National University 1970
Θέματα:
Ετικέτες: Προσθήκη ετικέτας
Δεν υπάρχουν, Καταχωρήστε ετικέτα πρώτοι!
Thư viện lưu trữ: Trung tâm Học liệu Trường Đại học Cần Thơ
LEADER 00518nam a2200193Ia 4500
001 CTU_98829
008 210402s9999 xx 000 0 und d
082 |a 337.5294 
082 |b A941 
245 0 |a Australia - Japan economic relations research project 
245 0 |b Research paper 
260 |a Canberra 
260 |b Australian National University 
260 |c 1970 
650 |a Japan 
650 |x Commerce 
650 |z Australia 
904 |i Truc 
980 |a Trung tâm Học liệu Trường Đại học Cần Thơ